000 00857cam a2200277 4500
001 4094996
005 20230606151947.0
008 740401m19731977ii 001 0 eng
010 _a 73904973
040 _aDLC
_cDLC
_dDLC
043 _aa-ii---
050 0 0 _aHD31
_b.S765
082 0 0 _a658
_bICSSR
245 0 2 _aA Survey of Research in Management.
260 _aDelhi,
_bVikas Pub. House
_c[1973-77]
300 _a2 v.
_c25 cm.
350 _aRs50.00 (v. 1)
_aRs95.00 (v. 2)
500 _a"A project sponsored by the Indian Council of Social Science Research, New Delhi."
500 _aIncludes index.
650 0 _aManagement.
650 0 _aManagement
_xResearch
_zIndia.
650 0 _aManagement
_xBibliography.
710 2 _aIndian Council of Social Science Research.
906 _a7
_bcbc
_corignew
_d4
_encip
_f19
_gy-gencatlg
942 _2ddc
_cBK
999 _c725
_d725